Euripides III: Hecuba, Andromache, The Trojan Women, Ion (The Complete Greek Tragedies) / (Record no. 616811)

000 -LEADER
fixed length control field 00431nam a22001337a 4500
020 ## - INTERNATIONAL STANDARD BOOK NUMBER
Qualifying information PB.
040 ## - CATALOGING SOURCE
Transcribing agency Fizza Ishaq
082 ## - DEWEY DECIMAL CLASSIFICATION NUMBER
Classification number 882
Author Mark EUR
100 ## - MAIN ENTRY--PERSONAL NAME
Personal name Euripides,
9 (RLIN) 18929
245 ## - TITLE STATEMENT
Title Euripides III: Hecuba, Andromache, The Trojan Women, Ion (The Complete Greek Tragedies) /
Statement of responsibility, etc. Euripides.
260 ## - PUBLICATION, DISTRIBUTION, ETC.
Place of publication, distribution, etc. New York :
Name of publisher, distributor, etc. Publisher University of Chicago Press,
Date of publication, distribution, etc. 1958.
300 ## - PHYSICAL DESCRIPTION
Extent 254 p. ;
Dimensions 5.25 x 0.5 x 8.25 inches
942 ## - ADDED ENTRY ELEMENTS (KOHA)
Source of classification or shelving scheme
Koha item type Book
Holdings
Withdrawn status Lost status Source of classification or shelving scheme Damaged status Not for loan Permanent Location Current Location Shelving location Date acquired Total Checkouts Full call number Barcode Date last seen Price effective from Koha item type
          NUST Baluchistan Campus (NBC) NUST Baluchistan Campus (NBC) General Stacks 04/02/2026   882 EUR QD-719 04/02/2026 04/02/2026 Book
© 2023 Central Library, National University of Sciences and Technology. All Rights Reserved.